Introducción moderna a la matemática superior (Registro nro. 440)
[ vista simple ]
| 000 -LEADER | |
|---|---|
| fixed length control field | 00976 a2200241 4500 |
| 001 - CONTROL NUMBER | |
| control field | 4871 |
| 005 - DATE AND TIME OF LATEST TRANSACTION | |
| control field | 20260407155436.0 |
| 008 - FIXED-LENGTH DATA ELEMENTS--GENERAL INFORMATION | |
| fixed length control field | 260407a1967 arg spa d |
| 003 - CONTROL NUMBER IDENTIFIER | |
| control field | AR-UNSa-BCEJYS |
| 040 ## - CATALOGING SOURCE | |
| Original cataloging agency | AR-UNSa-BCEJYS |
| Language of cataloging | spa |
| Transcribing agency | AR-UNSa-BCEJYS |
| 080 ## - UNIVERSAL DECIMAL CLASSIFICATION NUMBER | |
| Universal Decimal Classification number | 512 |
| Common auxiliary subdivision | Algebra |
| 100 1# - MAIN ENTRY--PERSONAL NAME | |
| Personal name | Gutiérrez Vázquez, Santiago |
| 245 10 - TITLE STATEMENT | |
| Title | Introducción moderna a la matemática superior |
| 250 ## - EDITION STATEMENT | |
| Edition statement | 2a. ed. |
| 264 #1 - PRODUCTION, PUBLICATION, DISTRIBUTION, MANUFACTURE, AND COPYRIGHT NOTICE | |
| Place of production, publication, distribution, manufacture | Madrid : |
| Name of producer, publisher, distributor, manufacturer | McGraw-Hill |
| Date of production, publication, distribution, manufacture, or copyright notice | 1967 |
| 300 ## - PHYSICAL DESCRIPTION | |
| Extent | 553 p. |
| Dimensions | 23 cm. |
| 505 ## - FORMATTED CONTENTS NOTE | |
| Formatted contents note | 1. Lógica y conjuntos - 2. Cuerpos de números - 3. Los enteros - 4. Grupos - 5. Ecuaciones e inecuaciones - 6. Funciones - 7. Funciones exponenciales y logarítmicas - 8. Funciones trigonométricas - 9. Geometría analítica - 10. Límites - 11. El cálculo - 12. Probabilidad - 13. Algegra de Boole |
| 590 ## - LOCAL NOTE (RLIN) | |
| Local note | niveau_biblio:m niveau_hierar:0 |
| 700 1# - ADDED ENTRY--PERSONAL NAME | |
| Personal name | Oakley, Cletus O. |
| 700 1# - ADDED ENTRY--PERSONAL NAME | |
| Personal name | Allendoerfer, Carl B. |
| 700 1# - ADDED ENTRY--PERSONAL NAME | |
| Personal name | Díaz de la Cruz Cuesta, Francisco |
| 942 ## - ADDED ENTRY ELEMENTS (KOHA) | |
| Koha item type | |
| Withdrawn status | Lost status | Damaged status | Not for loan | Home library | Current library | Shelving location | Date acquired | Total checkouts | Full call number | Barcode | Date last seen | Price effective from | Koha item type |
|---|---|---|---|---|---|---|---|---|---|---|---|---|---|
| Biblioteca Prof. Eusebio Cleto del Rey | Biblioteca Prof. Eusebio Cleto del Rey | 07/04/2026 | 512 A425i 2ed. | L21987 | 07/04/2026 | 07/04/2026 | Libro | ||||||
| Biblioteca Prof. Eusebio Cleto del Rey | Biblioteca Prof. Eusebio Cleto del Rey | 07/04/2026 | 512 A425i 2ed. | L21632 | 07/04/2026 | 07/04/2026 | Libro | ||||||
| Biblioteca Prof. Eusebio Cleto del Rey | Biblioteca Prof. Eusebio Cleto del Rey | 07/04/2026 | 512 A425i 2ed. | L21399 | 07/04/2026 | 07/04/2026 | Libro | ||||||
| Biblioteca Prof. Eusebio Cleto del Rey | Biblioteca Prof. Eusebio Cleto del Rey | 07/04/2026 | 512 A425i 2ed. | L23187 | 07/04/2026 | 07/04/2026 | Libro | ||||||
| Biblioteca Prof. Eusebio Cleto del Rey | Biblioteca Prof. Eusebio Cleto del Rey | 07/04/2026 | 512 A425i 2ed. | L22069 | 07/04/2026 | 07/04/2026 | Libro | ||||||
| Biblioteca Prof. Eusebio Cleto del Rey | Biblioteca Prof. Eusebio Cleto del Rey | 07/04/2026 | 512 A425i 2ed. | L23183 | 07/04/2026 | 07/04/2026 | Libro |